Revitalizácia mestského priestoru

Guardado en:
Detalles Bibliográficos
Autor principal: Naddourová, Nora (Autor)
Otros Autores: Pilař, Pavol (Orientador)
Formato: Manuscrito Libro
Lenguaje:eslovaco
Publicado: 2019
Materias:
Acceso en línea:http://is.stuba.sk/zp/portal_zp.pl?podrobnosti=142909
https://opac.crzp.sk/?fn=detailBiblioForm&sid=064839694A055E9D1608BF245BC2
Etiquetas: Agregar Etiqueta
Sin Etiquetas, Sea el primero en etiquetar este registro!

MARC

LEADER 00000ntm a22000003a 4500
001 stuzp72593
003 SK-STU
005 20230608134206.5
007 ta
008 150427s2015----xo-----f-mn---000-0-slo-d
040 |a STU  |b slo 
041 0 |a slo 
100 1 |a Naddourová, Nora  |u 010310  |k Z4  |4 aut  |U SvF Stavebná fakulta  |T SvF Katedra architektúry  |X 56690  |U V181|V310  |Y 19  |7 56690 
242 0 1 |a Revitalization of public space  |y eng 
245 1 0 |a Revitalizácia mestského priestoru 
260 |c 2019 
650 4 |a pop-up  |2 slo 
650 4 |a architektúra  |2 slo 
650 4 |a vizuálny smog  |2 slo 
650 4 |a pop-up  |2 eng 
650 4 |a architecture  |2 eng 
650 4 |a visual smog  |2 eng 
700 1 |a Pilař, Pavol  |u 010310  |k Z1  |4 ths  |U SvF Stavebná fakulta  |T SvF Katedra architektúry  |X 59136  |U V181|V310  |Y 19  |7 A000059136 
856 4 |u http://is.stuba.sk/zp/portal_zp.pl?podrobnosti=142909 
856 4 |u https://opac.crzp.sk/?fn=detailBiblioForm&sid=064839694A055E9D1608BF245BC2